[Event "27th Czech Open A 2016"]
[Site "Pardubice CZE"]
[Date "2016.07.28"]
[Round "7.76"]
[White "Tomazini, Aljosa"]
[Black "Majer, Jiri"]
[Result "1-0"]
[WhiteTitle "FM"]
[BlackTitle "FM"]
[WhiteElo "2359"]
[BlackElo "2188"]
[WhiteFideId "14608154"]
[BlackFideId "307564"]
[EventDate "2016.07.22"]

1. d4 Nf6 2. c4 d6 3. Nf3 Nbd7 4. Nc3 e5 5. g3 Be7 6. Bg2 O-O 7. O-O c6 8. Qc2
Qc7 9. b3 Re8 10. Bb2 a5 11. Rad1 Bf8 12. e4 exd4 13. Nxd4 Nc5 14. h3 Bd7 15.
Nf5 Bxf5 16. exf5 Qb6 17. Na4 Nxa4 18. bxa4 Nd7 19. f6 Nxf6 20. Rd4 Re6 21. Rf4
Rae8 22. Bd4 Qd8 23. Qb2 Qe7 24. Kh2 Ne4 25. Rb1 d5 26. cxd5 cxd5 27. Qxb7 Qxb7
28. Rxb7 Be7 29. Rb5 Bb4 30. Rxd5 Nf6 31. Rb5 h6 32. Bb6 Re2 33. a3 Bd6 34. Rf3
h5 35. Rd3 Be5 36. Bf3 Rc2 37. Kg2 h4 38. gxh4 Rc4 39. Re3 Bd6 40. Rxe8+ Nxe8
41. Rxa5 1-0

[Event "27th Czech Open A 2016"]
[Site "Pardubice CZE"]
[Date "2016.07.28"]
[Round "7.77"]
[White "Wehner, Janis"]
[Black "Raja, Harshit"]
[Result "1/2-1/2"]
[WhiteElo "2210"]
[BlackElo "2351"]
[WhiteFideId "4693299"]
[BlackFideId "5089000"]
[EventDate "2016.07.22"]

1. e4 c5 2. Nf3 d6 3. d4 cxd4 4. Nxd4 Nf6 5. Nc3 a6 6. Bg5 e6 7. f4 Qc7 8. Qf3
Nbd7 9. O-O-O b5 10. Bd3 Bb7 11. Rhe1 Be7 12. Bxf6 Nxf6 13. Qg3 g6 14. e5 dxe5
15. fxe5 Nd5 16. Nxd5 Bxd5 17. Be4 O-O-O 18. Bxd5 Rxd5 19. Nf3 Qc4 20. Rxd5 Qxd5
21. Kb1 Rd8 22. Rc1 Kb7 23. Ne1 h5 24. Nd3 Rd7 25. Qf2 Bf8 26. Re1 a5 27. a3 Rc7
28. Re3 Kb8 29. Rf3 Qb7 30. Rf4 Kc8 31. Rd4 Qc6 32. Rf4 Qb7 33. Rd4 Rc4 34. Rf4
Rxf4 35. Qxf4 Kd8 36. Qd2 Qc7 37. g3 Ke8 38. Qg2 Qc8 39. Nf2 Bg7 40. Nd3 Kf8 41.
Qe4 Kg8 42. a4 b4 43. h3 Kh7 44. g4 hxg4 45. hxg4 Qe8 46. Nc5 Bf8 47. Qh1+ Kg7
48. Ne4 Be7 49. g5 Qh8 50. Qxh8+ Kxh8 51. c4 Kg8 52. Kc2 Kf8 53. Kd3 Ke8 54.
Nd6+ Kd7 55. Nxf7 Kc6 56. b3 Kc5 57. Ke4 Kc6 58. Nh8 Bxg5 59. Nxg6 Kd7 60. Nf4
Bh4 61. Nd3 Kc6 62. Kf3 Bd8 63. Kg4 Kd7 64. Nc5+ Ke7 65. Kf4 Bb6 66. Ne4 Kd7 67.
Nd6 Bc5 68. Ne4 Bb6 69. Ng5 Bd8 70. Nf3 Ke7 71. Kg5 Bb6 72. Kg6 Be3 73. Ne1 Bb6
74. Nd3 Ba7 75. Kg7 Bb6 76. Kg6 Ba7 77. Ne1 Bd4 78. Nf3 Bb6 79. Kg5 Be3+ 80. Kg4
Ba7 81. Ne1 Bb6 82. Nd3 Kd7 83. Kf3 Ba7 84. Ke4 Kc6 85. Nf4 Kd7 86. Kd3 Bc5 87.
Ne2 Bb6 1/2-1/2

[Event "27th Czech Open A 2016"]
[Site "Pardubice CZE"]
[Date "2016.07.28"]
[Round "7.78"]
[White "Grekh, Andrey"]
[Black "Hiller, Simon"]
[Result "1-0"]
[WhiteTitle "IM"]
[WhiteElo "2347"]
[BlackElo "2176"]
[WhiteFideId "14112418"]
[BlackFideId "24641308"]
[EventDate "2016.07.22"]

1. e4 c6 2. d4 d5 3. e5 c5 4. dxc5 e6 5. a3 Nc6 6. Nf3 Bxc5 7. b4 Bb6 8. Bb2
Nge7 9. Bd3 Ng6 10. Bxg6 hxg6 11. O-O f6 12. Qd3 Kf7 13. c4 dxc4 14. Qxc4 Qd5
15. Qf4 Rh5 16. exf6 Rf5 17. Qh4 Rh5 18. Qf4 Rf5 19. Qg3 gxf6 20. Nc3 Qd8 21.
Ne4 Bc7 22. Qh4 Kg7 23. Nfg5 Qg8 24. Nxf6 Rxf6 25. Ne4 Qh7 26. Qxf6+ Kg8 27. h3 1-0

[Event "27th Czech Open A 2016"]
[Site "Pardubice CZE"]
[Date "2016.07.28"]
[Round "7.79"]
[White "Gergel, Vladimir P"]
[Black "Pecnik, Leo"]
[Result "0-1"]
[WhiteTitle "FM"]
[BlackTitle "FM"]
[WhiteElo "2192"]
[BlackElo "2334"]
[WhiteFideId "14100550"]
[BlackFideId "14504480"]
[EventDate "2016.07.22"]

1. d4 Nf6 2. Bf4 g6 3. e3 d6 4. Be2 Bg7 5. Nd2 O-O 6. g4 e5 7. Bg3 exd4 8. exd4
Re8 9. Kf1 Bd7 10. h3 c5 11. dxc5 dxc5 12. Bf3 Nc6 13. c3 Ne5 14. Bxe5 Rxe5 15.
Kg2 Nd5 16. Nc4 Nf4+ 17. Kg3 Re6 18. Bxb7 Rb8 19. Bd5 Nxd5 20. Qxd5 Qc7+ 21. f4
Bc6 22. Qxc5 Rb5 0-1

[Event "27th Czech Open A 2016"]
[Site "Pardubice CZE"]
[Date "2016.07.28"]
[Round "7.80"]
[White "Hoerr, Matthias"]
[Black "Machan, Jan"]
[Result "1-0"]
[BlackTitle "FM"]
[WhiteElo "2180"]
[BlackElo "2322"]
[WhiteFideId "4681398"]
[BlackFideId "334774"]
[EventDate "2016.07.22"]

1. e4 d6 2. Nc3 Nf6 3. Bc4 c5 4. Nf3 e6 5. d4 cxd4 6. Nxd4 a6 7. Bb3 Nbd7 8. f4
Nc5 9. O-O Nxb3 10. axb3 Be7 11. f5 e5 12. Nde2 h6 13. Be3 Bd7 14. Nd5 Nxd5 15.
Qxd5 Bc6 16. Qd3 d5 17. exd5 Qxd5 18. Qxd5 Bxd5 19. Nc3 Bc6 20. Ra5 f6 21. Nd5
Bd8 22. Nb6 Kf7 23. b4 Rb8 24. c4 Be7 25. Nd5 Bxd5 26. Rxd5 Bxb4 27. Rd7+ Be7
28. Ba7 Rbc8 29. c5 Rhd8 30. Rxb7 Ke8 31. b4 Rd2 32. Ra1 Rcd8 33. Rxa6 Rc2 34.
Rb8 Rxb8 35. Bxb8 Rb2 36. Re6 Kf7 37. Bd6 Bxd6 38. Rxd6 Rxb4 39. Rd7+ Kg8 40. c6
Rc4 41. c7 Kh7 42. Kf2 h5 43. h4 Rc1 44. Ke3 Rc2 45. Ke4 Rc5 46. Re7 Rc1 47. Kd5 1-0

[Event "27th Czech Open A 2016"]
[Site "Pardubice CZE"]
[Date "2016.07.28"]
[Round "7.82"]
[White "Martinkus, Rolandas"]
[Black "Krapivin, Vladislav"]
[Result "0-1"]
[WhiteTitle "FM"]
[BlackTitle "IM"]
[WhiteElo "2172"]
[BlackElo "2318"]
[WhiteFideId "12800481"]
[BlackFideId "4126149"]
[EventDate "2016.07.22"]

1. e4 d6 2. d4 Nf6 3. Nc3 e5 4. Nf3 Nbd7 5. Bc4 Be7 6. O-O O-O 7. Re1 c6 8. a4
b6 9. Bf1 a6 10. b3 Rb8 11. Bb2 Qc7 12. Ra2 Re8 13. Qa1 Bf8 14. g3 Bb7 15. Bg2
g6 16. dxe5 dxe5 17. Nb1 b5 18. Nbd2 Bc5 19. h3 Nh5 20. Nf1 Qb6 21. Re2 f6 22.
Ne1 Rbd8 23. Nd3 Bd6 24. Bc1 Ng7 25. Be3 Qc7 26. b4 Ne6 27. Qb2 Bf8 28. Nd2 Nb6
29. Bxb6 Qxb6 30. Nb3 Bc8 31. Ra1 Nd4 32. Ree1 Nxb3 33. Qxb3+ Be6 34. Qb1 Bc4
35. Bf1 Qd4 36. axb5 axb5 37. Ra6 Rc8 38. Rd1 Qxe4 39. Bg2 Qf5 40. Rxc6 Rxc6 41.
Bxc6 Rc8 42. Bg2 e4 43. g4 Qe6 44. Re1 f5 45. Qa1 Bg7 46. Qa7 Qd6 47. Nc5 Bc3
48. Rb1 Bxb4 49. Rxb4 Qxc5 50. Qxc5 Rxc5 51. gxf5 gxf5 52. f3 e3 53. f4 Rc7 54.
Rb1 Rd7 55. Re1 Re7 56. Bf3 b4 57. Kh2 Kg7 58. Be2 Bd5 59. Rb1 Rb7 60. Bd3 Kf6
61. Re1 Rg7 62. Bf1 Re7 63. Bd3 Bc6 64. h4 h5 65. Be2 Be4 66. Rb1 Rb7 67. Rb2
Ke6 68. Kg1 Kd5 69. Kf1 Kd4 70. Bd1 Bd5 71. Ke2 Kc3 72. Rb1 Re7 0-1

[Event "27th Czech Open A 2016"]
[Site "Pardubice CZE"]
[Date "2016.07.28"]
[Round "7.83"]
[White "Nun, Jiri"]
[Black "Wozniak, Mariola"]
[Result "1/2-1/2"]
[WhiteTitle "IM"]
[BlackTitle "WIM"]
[WhiteElo "2317"]
[BlackElo "2166"]
[WhiteFideId "300179"]
[BlackFideId "1152050"]
[EventDate "2016.07.22"]

1. e4 c5 2. Nf3 d6 3. c3 Nf6 4. h3 Nc6 5. Bd3 d5 6. e5 Nd7 7. Bb5 Qc7 8. d4 e6
9. O-O Be7 10. a3 O-O 11. Bd3 c4 12. Bc2 f6 13. exf6 Nxf6 14. Re1 Bd6 15. Nbd2
Bd7 16. Nf1 Rae8 17. Bg5 b5 18. Bh4 a5 19. Bg3 Bxg3 20. Nxg3 b4 21. axb4 axb4
22. Ba4 Nb8 23. Ne5 b3 24. Bxd7 Nbxd7 25. Ra6 Qb7 26. Ra3 Nxe5 27. Rxe5 Nd7 28.
Re2 Qc6 29. Qe1 Rf7 30. Qa1 Nf8 31. Ra6 Qc8 32. Nf1 Ng6 33. g3 e5 34. dxe5 Qxh3
35. Ra8 Re7 36. Rxe8+ Rxe8 37. Qd1 Qe6 38. f4 Nxf4 39. gxf4 Qg4+ 40. Kh1 Qf3+
41. Kg1 Qg4+ 42. Kh1 Qf3+ 1/2-1/2

[Event "27th Czech Open A 2016"]
[Site "Pardubice CZE"]
[Date "2016.07.28"]
[Round "7.84"]
[White "Nemeth, Zoltan"]
[Black "Meyer, Henrik"]
[Result "1-0"]
[WhiteTitle "IM"]
[WhiteElo "2310"]
[BlackElo "2138"]
[WhiteFideId "700657"]
[BlackFideId "12958182"]
[EventDate "2016.07.22"]

1. e4 c5 2. c4 Nc6 3. Nc3 d6 4. g3 e5 5. d3 f5 6. Bg2 Nf6 7. Nge2 Be7 8. O-O O-O
9. exf5 Bxf5 10. f4 Bg6 11. f5 Bf7 12. Bg5 Qd7 13. Qd2 h6 14. Bxf6 Bxf6 15. Ne4
Qe7 16. N2c3 Kh7 17. Rae1 Nd4 18. Nxf6+ gxf6 19. Re4 Rg8 20. Rh4 Rg5 21. Rxh6+
Kxh6 22. h4 Rg8 23. Ne4 Bh5 24. hxg5+ fxg5 25. f6 Qf7 26. Nxd6 Qe6 27. Ne4 Ne2+
28. Kh2 Qf7 29. Rf5 Bg4 30. Rxg5 Kh7 31. Rxg4 Rxg4 32. Ng5+ Rxg5 33. Qxg5 Kh8
34. Be4 1-0

[Event "27th Czech Open A 2016"]
[Site "Pardubice CZE"]
[Date "2016.07.28"]
[Round "7.85"]
[White "Hemant, Sharma2"]
[Black "Ciolek, Andreas"]
[Result "1-0"]
[WhiteElo "2299"]
[BlackElo "2134"]
[WhiteFideId "5025842"]
[BlackFideId "12906727"]
[EventDate "2016.07.22"]

1. c4 Nf6 2. Nc3 g6 3. g3 Bg7 4. Bg2 O-O 5. Nf3 d6 6. Rb1 a5 7. a3 e5 8. b4 axb4
9. axb4 Nc6 10. d3 h6 11. b5 Ne7 12. O-O Be6 13. h3 Qd7 14. Kh2 c6 15. Na4 Qc7
16. b6 Qb8 17. Bb2 Nd7 18. Qc2 Ra6 19. c5 dxc5 20. Nxc5 Nxc5 21. Qxc5 Nd5 22. e4
Nxb6 23. Bxe5 Bxe5 24. Qxe5 Qxe5 25. Nxe5 Rb8 26. Rfc1 Nd7 27. Nf3 Ra3 28. d4 f5
29. d5 cxd5 30. Nd4 Bf7 31. exf5 Ra4 32. Rd1 Ra6 33. Rb5 gxf5 34. Nxf5 Rf6 35.
g4 b6 36. Bxd5 Nc5 37. f3 Re8 38. Bxf7+ Kxf7 39. Nd6+ 1-0

[Event "27th Czech Open A 2016"]
[Site "Pardubice CZE"]
[Date "2016.07.28"]
[Round "7.87"]
[White "Yakimenko, Alexander A."]
[Black "Sarkozy, Ladislav"]
[Result "1/2-1/2"]
[WhiteElo "2171"]
[BlackElo "2292"]
[WhiteFideId "24141917"]
[BlackFideId "14900300"]
[EventDate "2016.07.22"]

1. e4 c5 2. Nc3 Nc6 3. f4 g6 4. Nf3 Bg7 5. Bc4 e6 6. d3 Nge7 7. O-O d5 8. Bb5
O-O 9. Bxc6 Nxc6 10. e5 b6 11. Ne2 d4 12. Ng3 f5 13. exf6 Qxf6 14. Qe2 Bb7 15.
Bd2 Rae8 16. Rae1 Qd8 17. Ng5 Qd5 18. a3 Bc8 19. f5 gxf5 20. Qh5 h6 21. Nh3 e5
22. Bxh6 Qf7 23. Bxg7 Kxg7 24. Qf3 Qg6 1/2-1/2

[Event "27th Czech Open A 2016"]
[Site "Pardubice CZE"]
[Date "2016.07.28"]
[Round "7.88"]
[White "Gibicar, Danijel"]
[Black "Solozhenkina, Elizaveta"]
[Result "1/2-1/2"]
[WhiteTitle "FM"]
[BlackTitle "WFM"]
[WhiteElo "2291"]
[BlackElo "2123"]
[WhiteFideId "24660256"]
[BlackFideId "34106615"]
[EventDate "2016.07.22"]

1. e4 c6 2. d4 d5 3. exd5 cxd5 4. c4 Nf6 5. Nc3 Nc6 6. Bg5 Be6 7. Be2 h6 8. Bxf6
exf6 9. Bf3 Bb4 10. Ne2 O-O 11. O-O Ne7 12. Qa4 Bxc3 13. Nxc3 b6 14. Rfe1 a5 15.
cxd5 Nxd5 16. Qb5 Nxc3 17. bxc3 Rc8 18. Bc6 Qd6 19. d5 Bxd5 20. Bxd5 Rc5 21.
Bxf7+ Rxf7 22. Qb3 Qc7 23. Re3 Kh7 24. Rae1 Rc4 25. h3 a4 26. Qb5 Rxc3 27. Qxa4
Rxe3 28. Rxe3 Re7 29. Rxe7 Qxe7 30. Qc2+ Kh8 31. Qc8+ Kh7 32. Qf5+ Kh8 33. Qc8+
Kh7 34. Qc2+ Kh8 35. Qc8+ 1/2-1/2

[Event "27th Czech Open A 2016"]
[Site "Pardubice CZE"]
[Date "2016.07.28"]
[Round "7.89"]
[White "Rabatin, Jakub"]
[Black "Olson, Hamish"]
[Result "1/2-1/2"]
[WhiteTitle "FM"]
[WhiteElo "2281"]
[BlackElo "2068"]
[WhiteFideId "329517"]
[BlackFideId "2404257"]
[EventDate "2016.07.22"]

1. e4 c5 2. Nf3 Nc6 3. d4 cxd4 4. Nxd4 Nf6 5. Nc3 e5 6. Ndb5 d6 7. Bg5 a6 8. Na3
b5 9. Nd5 Be7 10. Bxf6 Bxf6 11. c3 Bg5 12. Nc2 O-O 13. a4 bxa4 14. Rxa4 a5 15.
Bc4 Bd7 16. Ra2 a4 17. Nce3 Na5 18. Bd3 Bxe3 19. Nxe3 Bc6 20. Bc2 Nb7 21. O-O
Nc5 22. Nd5 Kh8 23. Re1 g6 24. Nb4 Bb7 25. Bxa4 Bxe4 26. Bc2 Rxa2 27. Nxa2 Bb7
28. Nb4 Qb6 29. Qd2 f5 30. Qg5 Kg7 31. h4 Ba8 32. Rd1 Qd8 33. Qd2 Rf6 34. Nd5
Bxd5 35. Qxd5 Qb6 36. b4 Ne4 37. Bxe4 fxe4 38. Qd2 d5 39. Qe3 Qb5 40. Qa7+ Rf7
41. Qc5 Qxc5 42. bxc5 Rd7 43. c6 Rc7 44. Rxd5 Rxc6 45. Rxe5 Rc4 46. Re7+ Kg8 47.
Kf1 h5 48. Ke2 Rxc3 49. Rxe4 Kf7 50. Re3 Rc4 51. g3 Kf6 52. Kf3 Rc6 53. Kf4 Ra6
54. f3 Rb6 55. g4 hxg4 56. Kxg4 Ra6 57. f4 Rb6 58. Rc3 Ra6 59. Rc5 Rb6 60. h5
gxh5+ 61. Rxh5 Kf7 62. Ra5 Kg6 63. Rg5+ Kf6 64. Rh5 Kg6 65. Rh1 Ra6 66. f5+ Kg7
67. Kg5 Rb6 68. Rc1 Ra6 69. Rc7+ Kf8 70. Rc5 Rb6 71. f6 Rb1 72. Kg6 1/2-1/2

[Event "27th Czech Open A 2016"]
[Site "Pardubice CZE"]
[Date "2016.07.28"]
[Round "7.90"]
[White "Havelka, Josef"]
[Black "Sucharda, David"]
[Result "1-0"]
[WhiteTitle "FM"]
[WhiteElo "2277"]
[BlackElo "2051"]
[WhiteFideId "361097"]
[BlackFideId "358584"]
[EventDate "2016.07.22"]

1. e4 d6 2. d4 Nf6 3. Nc3 e5 4. Nf3 Nbd7 5. Bc4 Be7 6. O-O O-O 7. a4 a5 8. h3 c6
9. Be3 exd4 10. Nxd4 Nc5 11. f3 d5 12. exd5 Nxd5 13. Bxd5 cxd5 14. Nde2 Be6 15.
Nf4 Bd6 16. Nfxd5 Ra6 17. Qd2 Re8 18. Qf2 Nd7 19. Rad1 Qb8 20. f4 Bf5 21. Nb5
Be4 22. Nb6 Nxb6 23. Nxd6 Re6 24. Nxe4 Nc4 25. Rd4 Nxe3 26. Qxe3 f5 27. Qd2 Qa7
28. Nf2 h6 29. Kh1 Qb6 30. Rd8+ Kh7 31. Qd5 Rg6 32. Qg8# 1-0

[Event "27th Czech Open A 2016"]
[Site "Pardubice CZE"]
[Date "2016.07.28"]
[Round "7.92"]
[White "Horacek, Michal"]
[Black "Lederman, Leon"]
[Result "1/2-1/2"]
[BlackTitle "IM"]
[WhiteElo "2128"]
[BlackElo "2269"]
[WhiteFideId "332526"]
[BlackFideId "2800403"]
[EventDate "2016.07.22"]

1. e4 c5 2. Nf3 d6 3. d4 cxd4 4. Nxd4 Nf6 5. Nc3 a6 6. Be3 e5 7. Nb3 Be6 8. f3
Nbd7 9. Qd2 h5 10. O-O-O Rc8 11. Kb1 Qc7 12. Nd5 Bxd5 13. exd5 Be7 14. c4 Bd8
15. Bd3 O-O 16. h3 a5 17. g4 a4 18. Nc1 e4 19. fxe4 Ne5 20. g5 Nfd7 21. b3 axb3
22. axb3 Ra8 23. Kb2 Nc5 24. Qb4 Nexd3+ 25. Nxd3 Nxe4 26. h4 Qc8 27. Bb6 Qg4 28.
Bd4 Ba5 1/2-1/2

[Event "27th Czech Open A 2016"]
[Site "Pardubice CZE"]
[Date "2016.07.29"]
[Round "8.1"]
[White "Movsesian, Sergei"]
[Black "Ganguly, Surya Shekhar"]
[Result "1-0"]
[WhiteTitle "GM"]
[BlackTitle "GM"]
[WhiteElo "2666"]
[BlackElo "2676"]
[WhiteFideId "310204"]
[BlackFideId "5002150"]
[EventDate "2016.07.22"]

1. e4 c5 2. Nf3 e6 3. d4 cxd4 4. Nxd4 Nc6 5. Nc3 Qc7 6. Be3 a6 7. Bd3 Nf6 8. O-O
b5 9. Nxc6 Qxc6 10. a3 Bc5 11. Qf3 Bxe3 12. Qxe3 d6 13. a4 b4 14. Nd5 Rb8 15.
Qg5 Nxd5 16. Qxg7 Rf8 17. exd5 Qxd5 18. Rfe1 h5 19. Rad1 Qc5 20. b3 Ke7 21. Bc4
Qf5 22. Rxd6 1-0

[Event "27th Czech Open A 2016"]
[Site "Pardubice CZE"]
[Date "2016.07.29"]
[Round "8.2"]
[White "Yuffa, Daniil"]
[Black "Laznicka, Viktor"]
[Result "1/2-1/2"]
[WhiteTitle "IM"]
[BlackTitle "GM"]
[WhiteElo "2502"]
[BlackElo "2654"]
[WhiteFideId "24131423"]
[BlackFideId "316385"]
[EventDate "2016.07.22"]

1. d4 f5 2. Nf3 Nf6 3. g3 g6 4. Bg2 Bg7 5. O-O O-O 6. c4 d6 7. Nc3 c6 8. b4 Ne4
9. Bb2 a5 10. b5 a4 11. Rc1 Nxc3 12. Bxc3 cxb5 13. cxb5 Nd7 14. Ng5 Nf6 15. d5
Qb6 16. Qd3 Ng4 17. Bxg7 Kxg7 18. Qc3+ Nf6 19. Qc7 Qxc7 20. Rxc7 Re8 21. Rfc1 h6
22. Ne6+ Kf7 23. a3 Rb8 24. Kf1 b6 25. Nd4 Nd7 26. R1c6 Kf6 27. Ra7 Nc5 28. f4
Bb7 29. Rxb6 Bxd5 30. Rxd6+ exd6 31. Bxd5 Rf8 32. Ke1 Nb3 33. Ne6 Rf7 34. Nc7
Re7 35. Bxb3 axb3 36. Nd5+ Ke6 37. Rxe7+ Kxd5 38. Kd2 Rxb5 39. Kc1 b2+ 40. Kb1
g5 41. Rh7 gxf4 42. gxf4 Rb3 43. Rxh6 Rxa3 44. Kxb2 Re3 45. Rf6 Rxe2+ 46. Kc3
Rxh2 47. Rxf5+ Ke4 48. Ra5 d5 49. Ra4+ Ke3 50. Rd4 Rh5 1/2-1/2

[Event "27th Czech Open A 2016"]
[Site "Pardubice CZE"]
[Date "2016.07.29"]
[Round "8.3"]
[White "Kravtsiv, Martyn"]
[Black "Gurevich, Daniel"]
[Result "1/2-1/2"]
[WhiteTitle "GM"]
[BlackTitle "IM"]
[WhiteElo "2631"]
[BlackElo "2459"]
[WhiteFideId "14113147"]
[BlackFideId "2044676"]
[EventDate "2016.07.22"]

1. e4 c6 2. d4 d5 3. e5 Bf5 4. Nf3 e6 5. Be2 Nd7 6. O-O Ne7 7. a4 a6 8. Na3 c5
9. dxc5 Nc6 10. c4 Nxc5 11. Bg5 Be7 12. Bxe7 Qxe7 13. cxd5 exd5 14. Qxd5 Rd8 15.
Qc4 Nxe5 16. Qf4 Nxf3+ 17. Bxf3 Be6 18. Rad1 O-O 19. Qb4 b6 20. Rxd8 Rxd8 21.
Qxb6 1/2-1/2

[Event "27th Czech Open A 2016"]
[Site "Pardubice CZE"]
[Date "2016.07.29"]
[Round "8.4"]
[White "Plat, Vojtech"]
[Black "Nabaty, Tamir"]
[Result "0-1"]
[WhiteTitle "IM"]
[BlackTitle "GM"]
[WhiteElo "2498"]
[BlackElo "2622"]
[WhiteFideId "325740"]
[BlackFideId "2809052"]
[EventDate "2016.07.22"]

1. d4 Nf6 2. c4 g6 3. g3 Bg7 4. Bg2 d5 5. cxd5 Nxd5 6. Nf3 c5 7. O-O cxd4 8.
Nxd4 Nb6 9. Nb5 Bd7 10. N1c3 Nc6 11. Bf4 O-O 12. Rc1 Rc8 13. Ne4 a6 14. Nbc3 Nd4
15. Ng5 e5 16. Be3 Nc4 17. Bxd4 exd4 18. Nce4 h6 19. Nf3 Nxb2 20. Qb3 Na4 21.
Qxb7 Bb5 22. Rfe1 Rxc1 23. Rxc1 Nc3 24. Nxd4 Qxd4 0-1

[Event "27th Czech Open A 2016"]
[Site "Pardubice CZE"]
[Date "2016.07.29"]
[Round "8.5"]
[White "Malakhov, Igor"]
[Black "Gopal, G.N."]
[Result "0-1"]
[WhiteTitle "IM"]
[BlackTitle "GM"]
[WhiteElo "2451"]
[BlackElo "2565"]
[WhiteFideId "4183088"]
[BlackFideId "5015693"]
[EventDate "2016.07.22"]

1. e4 c5 2. Nf3 d6 3. d4 cxd4 4. Nxd4 Nf6 5. Nc3 a6 6. h3 e5 7. Nde2 h5 8. Ng1
b5 9. Nf3 Bb7 10. Ng5 Be7 11. Qf3 Nbd7 12. Bd3 O-O 13. O-O Rc8 14. a4 b4 15. Nd5
Nxd5 16. exd5 Nf6 17. Ne4 g6 18. Nxf6+ Bxf6 19. Be3 a5 20. g4 hxg4 21. hxg4 Bg5
22. Kg2 Bxe3 23. fxe3 Qg5 24. e4 Kg7 25. Rf2 f6 26. Rh1 Rh8 27. Rff1 Rcf8 28.
Kf2 Bc8 29. Be2 f5 30. gxf5 Bxf5 31. Rxh8 Rxh8 32. Ke1 Rh3 0-1

[Event "27th Czech Open A 2016"]
[Site "Pardubice CZE"]
[Date "2016.07.29"]
[Round "8.6"]
[White "Stocek, Jiri"]
[Black "Visakh, N R"]
[Result "1/2-1/2"]
[WhiteTitle "GM"]
[BlackTitle "IM"]
[WhiteElo "2550"]
[BlackElo "2431"]
[WhiteFideId "304760"]
[BlackFideId "25012223"]
[EventDate "2016.07.22"]

1. d4 d5 2. c4 e6 3. Nf3 Be7 4. Qc2 Nf6 5. Bf4 O-O 6. cxd5 Nxd5 7. Bg3 c5 8.
dxc5 Qa5+ 9. Nbd2 Na6 10. a3 Qxc5 11. Rc1 Qxc2 12. Rxc2 Nf6 13. e4 Bd7 14. Bc4
Rfc8 15. Ke2 Nc5 16. Ne5 Ba4 17. b3 Be8 18. Ke3 b5 19. Bd3 Nxd3 20. Rxc8 Rxc8
21. Nxd3 Rc2 22. b4 Ra2 23. Nb1 Ng4+ 24. Kf4 h5 25. Rc1 f6 26. h3 e5+ 27. Kf3
Nh6 28. Rc7 Kf8 29. Rxa7 h4 30. Bxh4 g5 31. Nc3 Rc2 32. Nd5 Ng8 33. Bxg5 fxg5
34. Nxe5 Bd6 35. Nd7+ Bxd7 36. Rxd7 Be5 37. Ne3 Rc3 38. Rd5 Bf4 39. Rxb5 Rxa3
40. g3 Bxe3 41. fxe3 Rb3 42. Rf5+ Ke7 43. Rxg5 Nf6 44. b5 Rb4 45. h4 Ke6 46. h5
Nxe4 47. Rg8 Kf7 48. Rb8 Ng5+ 49. Ke2 Ne4 50. Kd3 Nf6 51. Rb7+ Kg8 52. h6 Kh8
53. b6 Ng4 54. Kc3 Rb1 55. e4 Nxh6 56. e5 Kg8 57. e6 Nf5 58. g4 Nd6 59. Rb8+ Kg7
60. g5 Nf5 61. b7 Ne7 62. Kc4 Nc6 63. Rc8 Na5+ 64. Kd5 Rxb7 65. Kd6 Rb6+ 66. Kd7
Rb7+ 67. Kd8 Kf8 68. Rc5 Rb8+ 69. Kd7 Rb7+ 70. Kd8 1/2-1/2

[Event "27th Czech Open A 2016"]
[Site "Pardubice CZE"]
[Date "2016.07.29"]
[Round "8.7"]
[White "Babula, Vlastimil"]
[Black "Vetoshko, Volodymyr"]
[Result "0-1"]
[WhiteTitle "GM"]
[BlackTitle "IM"]
[WhiteElo "2540"]
[BlackElo "2430"]
[WhiteFideId "301264"]
[BlackFideId "14122480"]
[EventDate "2016.07.22"]

1. d4 d5 2. c4 e6 3. Nc3 Be7 4. Nf3 Nf6 5. Bf4 O-O 6. e3 b6 7. Bd3 dxc4 8. Bxc4
Bb7 9. O-O a6 10. Qe2 b5 11. Bd3 Nbd7 12. Rfd1 c5 13. dxc5 b4 14. Na4 Qa5 15. b3
Nxc5 16. Nxc5 Qxc5 17. Rac1 Qb6 18. Ne5 Rac8 19. Nc4 Qa7 20. e4 Ba8 21. Be3 Bc5
22. Nd6 Rc6 23. Rxc5 Rxc5 24. Bb1 Rd8 25. e5 Rxe5 26. Nc4 Rxd1+ 27. Qxd1 Rd5 28.
Qxd5 exd5 29. Bxa7 dxc4 30. bxc4 Be4 31. Bxe4 Nxe4 32. Kf1 Nc3 33. Ke1 Nxa2 34.
Kd2 b3 35. Bd4 f6 36. c5 Kf7 37. Kd3 Nb4+ 38. Kc4 Nc6 39. Bb2 Ke6 40. Kxb3 Kd5
41. Kc3 Kxc5 42. Ba3+ Kd5 43. f3 f5 44. Bf8 g6 45. Kd3 Ne5+ 46. Ke3 a5 47. Kf4
Nd3+ 48. Kg5 Ne1 49. Kh6 Nxg2 50. Kxh7 Nh4 51. f4 Ke6 52. Kg7 a4 53. Ba3 Nf3 54.
h3 Ng1 0-1

[Event "27th Czech Open A 2016"]
[Site "Pardubice CZE"]
[Date "2016.07.29"]
[Round "8.8"]
[White "Anurag, Mhamal"]
[Black "Zakhartsov, Viacheslav V."]
[Result "0-1"]
[WhiteTitle "IM"]
[BlackTitle "GM"]
[WhiteElo "2392"]
[BlackElo "2532"]
[WhiteFideId "5024366"]
[BlackFideId "4115333"]
[EventDate "2016.07.22"]

1. g3 d5 2. Nf3 Bg4 3. Bg2 Nd7 4. c4 e6 5. cxd5 exd5 6. Qb3 Nc5 7. Qe3+ Be7 8.
d4 Nd7 9. Qb3 Nb6 10. Ne5 Be6 11. Bd2 a5 12. O-O Nf6 13. Nc3 O-O 14. Rac1 c6 15.
Qc2 Qc8 16. f3 Rd8 17. g4 Nfd7 18. Nd3 Nc4 19. Bf4 Bf6 20. e3 g5 21. b3 gxf4 22.
bxc4 fxe3 23. cxd5 cxd5 24. Qe2 Qc4 25. f4 Bxd4 26. Nxd5 Bxd5 27. Rxc4 Bxc4 28.
Rc1 Rac8 29. Be4 Re8 30. Rxc4 Rxc4 31. Bf5 Nf6 32. g5 Nd5 33. Kg2 Bg7 34. Kf3
Nc3 35. Qe1 e2 36. Qh4 Nd5 37. Qxh7+ Kf8 38. Qh4 Rxf4+ 39. Nxf4 Re3+ 0-1

[Event "27th Czech Open A 2016"]
[Site "Pardubice CZE"]
[Date "2016.07.29"]
[Round "8.9"]
[White "Boruchovsky, Avital"]
[Black "Cerveny, Martin"]
[Result "1/2-1/2"]
[WhiteTitle "GM"]
[BlackTitle "IM"]
[WhiteElo "2531"]
[BlackElo "2384"]
[WhiteFideId "2800055"]
[BlackFideId "321141"]
[EventDate "2016.07.22"]

1. e4 c5 2. Nf3 d6 3. Bb5+ Bd7 4. Bxd7+ Qxd7 5. O-O Nc6 6. c3 g6 7. d4 Bg7 8.
dxc5 dxc5 9. Qxd7+ Kxd7 10. Be3 b6 11. Na3 Nf6 12. Rad1+ Kc8 13. Ng5 Rf8 14. f3
Kb7 15. Nc4 h6 16. Nh3 Rad8 17. Nf4 Rxd1 18. Rxd1 Rd8 19. Rxd8 Nxd8 20. Nd5 Ng8
21. a4 g5 22. Bf2 e6 23. Nde3 Ne7 24. Bg3 Ng6 25. Ng4 h5 26. Nge5 Nxe5 27. Bxe5
Bxe5 28. Nxe5 Ka6 29. h4 gxh4 30. Kh2 b5 31. axb5+ Kxb5 32. b3 a5 33. Kh3 f6 34.
Nc4 a4 35. Na3+ Ka5 36. Nc4+ Kb5 37. Na3+ Ka5 38. Nc4+ 1/2-1/2